000 00327nam a2200109Ia 4500
008 200302s9999 xx 000 0 und d
100 _aGail Greet Hannah
245 _aElemetns of Design Rowena reed Kostellow and the Structure of Visual Relation.,
260 _bPrinceton Architectural Press
260 _c2002
300 _a152 P.,
999 _c2938
_d2938